Tạp chí khoa học = Scientific journal of Can Tho University

Nghiên cứu sự biến động các yếu tố môi trường trong các ao nuôi cá tra thâm canh đã được thực hiện trên 64 ao tại tỉnh An Giang từ tháng 3/2005 đến tháng 12/2006.

Shranjeno v:
Bibliografske podrobnosti
Format: Knjiga
Jezik:Undetermined
Izdano: Cần Thơ Trường Đại học Cần Thơ 2008
Teme:
Oznake: Označite
Brez oznak, prvi označite!
Thư viện lưu trữ: Trung tâm Học liệu Trường Đại học Cần Thơ
LEADER 00800nam a2200193Ia 4500
001 CTU_161224
008 210402s9999 xx 000 0 und d
082 |a 639 
082 |b T109/Q.1 
245 0 |a Tạp chí khoa học = 
245 0 |b Scientific journal of Can Tho University 
245 0 |c Trường Đại học Cần Thơ 
260 |a Cần Thơ 
260 |b Trường Đại học Cần Thơ 
260 |c 2008 
520 |a Nghiên cứu sự biến động các yếu tố môi trường trong các ao nuôi cá tra thâm canh đã được thực hiện trên 64 ao tại tỉnh An Giang từ tháng 3/2005 đến tháng 12/2006. 
650 |a Fisheries 
904 |i Giang 
980 |a Trung tâm Học liệu Trường Đại học Cần Thơ